Normal view
MARC view
- Tilghman, Christopher.
Entry Personal Name
001 - CONTROL NUMBER
- control field: 9939
003 - CONTROL NUMBER IDENTIFIER
- control field: NUST
005 - DATE AND TIME OF LATEST TRANSACTION
- control field: 20180126093539.0
008 - FIXED-LENGTH DATA ELEMENTS
- fixed length control field: 180126|| aca||aabn | a|a d
040 ## - CATALOGING SOURCE
- Original cataloging agency: NUST
- Transcribing agency: NUST
100 ## - HEADING--PERSONAL NAME
- Personal name: Tilghman, Christopher.
670 ## - SOURCE DATA FOUND
- Source citation: Work cat.: (NUST)0: Tilghman, Christopher., Roads of the Heart :, 2004.
